000 00306nam a2200121 a 4500
005 20140414093846.0
008 100219s19uu xx uuu eng d
050 _aCDB 500
_bSAL 2000
245 _aSalaguinto :
_bThe grade school Science magazine.
650 _aScience.
942 _cAVM
999 _c109621
_d109621